00840nam a2200205 a 450000100100000000500170001000800410002704000250006810000270009324500500012025000110017026000510018130000210023249000470025359000760030083000540037604900090043095201780043999900170061700003590220200930074715.0111115s1955 mx 000 0 spa d aDO-SdBNPbspacBNPHU1 aCassirer, Ernst961902 4aLas ciencias de la cultura /cErnst Cassirer. a2a ed. aMéxico :bFondo de Cultura Economica,c1955. a191 p. ;c18 cm.1 aBreviario. Fondo de Cultura Economica,v40 aPerteneció a la biblioteca personal de Juan Isidro Jimenes Grullón. 0aBreviario. Fondo de Cultura Economica,v40961903 aBNPD 001050718MOaGRbGRcCTd2011-11-15iLF1l0o p35902-10r2020-06-25w2020-06-25y1zPerteneció a la biblioteca personal de Juan Isidro Jimenes Grullón.ZNo se presta c35393d35393